<?xml version="1.0" encoding="UTF-8"?><?xml-stylesheet type="text/xsl" href="static/style.xsl"?><OAI-PMH xmlns="http://www.openarchives.org/OAI/2.0/" xmlns:xsi="http://www.w3.org/2001/XMLSchema-instance" xsi:schemaLocation="http://www.openarchives.org/OAI/2.0/ http://www.openarchives.org/OAI/2.0/OAI-PMH.xsd"><responseDate>2026-06-01T09:06:42Z</responseDate><request verb="GetRecord" identifier="oai:riuma.uma.es:10630/13985" metadataPrefix="marc">https://riuma.uma.es/rest/oai/request</request><GetRecord><record><header><identifier>oai:riuma.uma.es:10630/13985</identifier><datestamp>2026-02-03T12:32:00Z</datestamp><setSpec>com_10630_2254</setSpec><setSpec>col_10630_37959</setSpec></header><metadata><record xmlns="http://www.loc.gov/MARC21/slim" xmlns:dcterms="http://purl.org/dc/terms/" xmlns:doc="http://www.lyncode.com/xoai" xmlns:xsi="http://www.w3.org/2001/XMLSchema-instance" xsi:schemaLocation="http://www.loc.gov/MARC21/slim http://www.loc.gov/standards/marcxml/schema/MARC21slim.xsd">
   <leader>00925njm 22002777a 4500</leader>
   <datafield ind2=" " ind1=" " tag="042">
      <subfield code="a">dc</subfield>
   </datafield>
   <datafield ind2=" " ind1=" " tag="720">
      <subfield code="a">Fenech-Torres, Mario</subfield>
      <subfield code="e">author</subfield>
   </datafield>
   <datafield ind2=" " ind1=" " tag="720">
      <subfield code="a">Amorim-Silva, Vitor</subfield>
      <subfield code="e">author</subfield>
   </datafield>
   <datafield ind2=" " ind1=" " tag="720">
      <subfield code="a">Smirnoff, Nicholas</subfield>
      <subfield code="e">author</subfield>
   </datafield>
   <datafield ind2=" " ind1=" " tag="720">
      <subfield code="a">Botella-Mesa, Miguel Ángel</subfield>
      <subfield code="e">author</subfield>
   </datafield>
   <datafield ind2=" " ind1=" " tag="260">
      <subfield code="c">2017-06-23</subfield>
   </datafield>
   <datafield ind2=" " ind1=" " tag="520">
      <subfield code="a">Ascorbic Acid (AsA, vitamin C) has multiple biological roles in plants. Although several&#xd;
pathways for the novo synthesis of AsA have been reported, it is the L-Gal, also known&#xd;
as the Smirnoff-Wheeler (SW), the main pathway operating in photosynthetic tissues in&#xd;
plants. Although there is abundant information of how these genes are regulated at the&#xd;
transcriptional level, little is known about the regulation and the compartmentation of this&#xd;
pathway in higher plants. In order to investigate the localization of dynamics of proteins&#xd;
involved in AsA biosynthesis in vivo at the cellular level, we have generated GFP fusions&#xd;
using the genomic region of the last five genes of the pathway, expected to be localized&#xd;
in the cytoplasm. These constructs have been transformed in Arabidopsis thaliana (Col-&#xd;
0) plants and generated stable transgenic lines. Detailed localization and dynamics of the&#xd;
proteins are currently being investigated. In parallel, we have analyzed whether these&#xd;
proteins form a complex in planta using co-immunoprecipitation assays using Nicotiana&#xd;
benthamiana. Our data indicate that most protein of the SW pathway show a nucleocytoplasmic&#xd;
localization and that they associate in vivo. Details of the results obtained&#xd;
will be presented.</subfield>
   </datafield>
   <datafield ind1="8" ind2=" " tag="024">
      <subfield code="a">http://hdl.handle.net/10630/13985</subfield>
   </datafield>
   <datafield ind1="8" ind2=" " tag="024">
      <subfield code="a">http://orcid.org/0000-0002-8867-1831</subfield>
   </datafield>
   <datafield tag="653" ind2=" " ind1=" ">
      <subfield code="a">Fotosíntesis</subfield>
   </datafield>
   <datafield ind2="0" ind1="0" tag="245">
      <subfield code="a">Regulation of Vitamin C content in higher plants</subfield>
   </datafield>
</record>
</metadata></record></GetRecord></OAI-PMH>